<?xml version="1.0" encoding="UTF-8"?>
<collection xmlns="http://www.loc.gov/MARC21/slim">
 <record>
  <leader>01280nam a22002057a 4500</leader>
  <controlfield tag="001">NCT_61338</controlfield>
  <controlfield tag="008">190309b        xxu||||| |||| 00| 0 vie d</controlfield>
  <datafield tag="999" ind1=" " ind2=" ">
   <subfield code="c">2972</subfield>
   <subfield code="d">2972</subfield>
  </datafield>
  <datafield tag="020" ind1=" " ind2=" ">
   <subfield code="c">74000</subfield>
  </datafield>
  <datafield tag="082" ind1="0" ind2="4">
   <subfield code="2">23rd ed.</subfield>
   <subfield code="a">658.8</subfield>
   <subfield code="b">C747</subfield>
  </datafield>
  <datafield tag="100" ind1="1" ind2=" ">
   <subfield code="a">Cone, Steve</subfield>
  </datafield>
  <datafield tag="245" ind1="1" ind2="0">
   <subfield code="a">Đánh cắp ý tưởng : </subfield>
   <subfield code="b">Những bí quyết marketing giúp bạn thành công = Steal these ideas : That will make you success</subfield>
   <subfield code="c">Steve Cone, Vũ Hương (dịch)</subfield>
  </datafield>
  <datafield tag="260" ind1=" " ind2=" ">
   <subfield code="a">Tp. Hồ CHí Minh</subfield>
   <subfield code="b">Tổng hợp TP Hồ CHí Minh</subfield>
   <subfield code="c">2016</subfield>
  </datafield>
  <datafield tag="300" ind1=" " ind2=" ">
   <subfield code="a">247 tr.</subfield>
   <subfield code="b">Minh họa</subfield>
   <subfield code="c">21cm</subfield>
  </datafield>
  <datafield tag="520" ind1="3" ind2=" ">
   <subfield code="a">Cuốn sách này như một bí quyết tiếp thị hoặc như một cẩm nang tham khảo ý tưởng và bạn sẽ nhận thấy rằng những ý tưởng và khái niệm trong cuốn sách này không được dạy trong trường lớp nào, thậm chí ngay cả trong thực tế công việc của bạn.</subfield>
  </datafield>
  <datafield tag="653" ind1=" " ind2=" ">
   <subfield code="a">Quản trị kinh doanh</subfield>
  </datafield>
  <datafield tag="700" ind1="1" ind2=" ">
   <subfield code="a">Vũ Hương</subfield>
   <subfield code="e">Biên dịch</subfield>
  </datafield>
  <datafield tag="942" ind1=" " ind2=" ">
   <subfield code="2">ddc</subfield>
   <subfield code="c">BK</subfield>
  </datafield>
  <datafield tag="952" ind1=" " ind2=" ">
   <subfield code="0">0</subfield>
   <subfield code="1">0</subfield>
   <subfield code="2">ddc</subfield>
   <subfield code="4">0</subfield>
   <subfield code="6">658_800000000000000_C747</subfield>
   <subfield code="7">0</subfield>
   <subfield code="9">16088</subfield>
   <subfield code="a">000001</subfield>
   <subfield code="b">000001</subfield>
   <subfield code="d">2019-03-09</subfield>
   <subfield code="o">658.8 C747</subfield>
   <subfield code="p">MD.14925</subfield>
   <subfield code="r">2019-03-09</subfield>
   <subfield code="v">74000.00</subfield>
   <subfield code="w">2019-03-09</subfield>
   <subfield code="y">BK</subfield>
  </datafield>
  <datafield tag="980" ind1=" " ind2=" ">
   <subfield code="a">Thư viện Trường Đại học Nam Cần Thơ</subfield>
  </datafield>
 </record>
</collection>
